La Europa en 1860 : (Record no. 161509)
[ view plain ]
| 000 -LEADER | |
|---|---|
| campo de control de longitud fija | 01200nam a2200241 i 4500 |
| 001 - NÚMERO DE CONTROL | |
| campo de control | 161509 |
| 003 - IDENTIFICADOR DE NÚMERO DE CONTROL | |
| campo de control | ES-MaACL |
| 005 - FECHA Y HORA DE LA ÚLTIMA TRANSACCIÓN | |
| campo de control | 20230906212312.0 |
| 008 - DATOS DE LONGITUD FIJA--INFORMACIÓN GENERAL | |
| campo de control de longitud fija | 041022s1861 sp |||| | spa d |
| 080 ## - NÚMERO DE LA CLASIFICACIÓN DECIMAL UNIVERSAL | |
| Número de la Clasificación Decimal Universal | 338.1(4)"18" |
| 080 ## - NÚMERO DE LA CLASIFICACIÓN DECIMAL UNIVERSAL | |
| Número de la Clasificación Decimal Universal | 94(4)"1848/71" |
| 100 1# - ENTRADA PRINCIPAL--NOMBRE DE PERSONA | |
| Nombre de persona | Pastor, Luis María. |
| 9 (RLIN) | 89484 |
| 245 13 - MENCIÓN DEL TÍTULO | |
| Título | La Europa en 1860 : |
| Resto del título | revista político-económica de las principales potencias, a saber : Rusia, Prusia, Austria, Cerdeña, Bélgica, Francia, Inglaterra y España / |
| Mención de responsabilidad, etc. | por D. Luis María Pastor, ex-ministro de Hacienda... |
| 260 ## - PUBLICACIÓN, DISTRIBUCIÓN, ETC. | |
| Lugar de publicación, distribución, etc. | Madrid : |
| Nombre del editor, distribuidor, etc. | [s.n.], |
| Fecha de publicación, distribución, etc. | 1861 ( |
| Fabricante | Imp. de Manuel Galiano) |
| 300 ## - DESCRIPCIÓN FÍSICA | |
| Extensión | 103 p. ; |
| Dimensiones | 17 cm. |
| 530 ## - NOTA DISPONIBLE DE FORMULARIO FÍSICO ADICIONAL | |
| Nota de formato físico adicional disponible | Disponible en formato digital. |
| 596 ## - NOTA AL PIE DE IMPRENTA | |
| NOTA AL PIE DE IMPRENTA | "Esta revista ha sido publicada en algunos números de la Gaceta economista" |
| 651 #4 - PUNTO DE ACCESO ADICIONAL DE MATERIA--NOMBRE GEOGRÁFICO | |
| Nombre geográfico | Europa- |
| Subdivisión general | Historia- |
| Subdivisión cronológica | 1848-1871. |
| 9 (RLIN) | 150322 |
| 651 #4 - PUNTO DE ACCESO ADICIONAL DE MATERIA--NOMBRE GEOGRÁFICO | |
| Nombre geográfico | Europa- |
| Subdivisión general | Situación económica- |
| Subdivisión cronológica | S.XIX. |
| 9 (RLIN) | 164985 |
| 852 4# - LOCALIZACIÓN | |
| Ubicación | ES-MaACL |
| Número de control de estantería | T-141-F-3 |
| Nota libre | - Enc. hol., falto de cub. original |
| -- | - Enc. en un vol. facticio |
| 852 4# - LOCALIZACIÓN | |
| Ubicación | ES-MaACL |
| Número de control de estantería | T-1300-F-8 |
| Nota libre | - Enc. hol., conservando cub. original |
| -- | - Enc. en un vol. facticio |
| 856 4# - LOCALIZACIÓN Y ACCESO ELECTRÓNICOS | |
| Identificador Uniforme de Recursos | <a href="http://bdh-rd.bne.es/viewer.vm?id=0000039297&page=1 ">http://bdh-rd.bne.es/viewer.vm?id=0000039297&page=1 </a> |
| Nota pública | Biblioteca Digital Hispánica |
| Estatus retirado | Estado de pérdida | Estado de daño | No para préstamo | Colección | Biblioteca de origen | Biblioteca actual | Ubicación en estantería | Fecha de adquisición | Total de préstamos | Signatura topográfica completa | Código de barras | Visto por última vez | Precio de reemplazo | Tipo de ítem Koha |
|---|---|---|---|---|---|---|---|---|---|---|---|---|---|---|
| Colección de folletos | Biblioteca del Ateneo de Madrid | Biblioteca del Ateneo de Madrid | Depósito folletos | 17/01/2008 | T-1300-F-8 | 1169177 | 23/02/2023 | 23/02/2023 | Folleto | |||||
| Colección de folletos | Biblioteca del Ateneo de Madrid | Biblioteca del Ateneo de Madrid | Depósito folletos | 17/01/2008 | T-141-F-3 | 1169176 | 23/02/2023 | 23/02/2023 | Folleto |
